| 000 | 01220cam a22003857a 4500 | ||
|---|---|---|---|
| 003 | CHAP | ||
| 005 | 20220817043554.0 | ||
| 008 | 990823d1999 it a rn 00110 eng d | ||
| 010 | _a78798 | ||
| 011 | _a79770 | ||
| 020 | _a9251042586 | ||
| 035 | _a90175 | ||
| 040 | _cCHAP | ||
| 082 | 0 | 4 |
_a630 _bF3 v.135 |
| 110 | 2 | _aFAO | |
| 245 | 1 | 0 |
_aExport crop liberalization in Africa _c/by Andrew W. Shepherd and Stefano Farolfi |
| 260 |
_aRome : _bFAO, _c1999. |
||
| 300 |
_a89 p. : _bilus. ; gráfs. |
||
| 410 | 2 | _aFAO | |
| 490 | 0 |
_aFAO. Servicios agrícolas _v; 135 |
|
| 590 |
_aBATCH-UPD _b10 _c20130110 _lUCH01 _h0608 |
||
| 590 |
_aBATCH-UPD _b10 _c20130410 _lUCH01 _h0250 |
||
| 590 |
_aBATCH-UPD _b10 _c20130914 _lUCH01 _h1345 |
||
| 590 |
_aCONVERSION _b10 _c20130109 _lUCH01 _h1344 |
||
| 650 | 1 | 4 |
_aProductos agrícolas _xExportación. _991945 |
| 650 | 1 | 4 |
_aProductos agrícolas _xMercadeo _xAfrica. _991952 |
| 700 | 0 |
_aFarolfi, Srefano. _939793 |
|
| 700 | 0 |
_aShepherd, Andrew W. _9105629 |
|
| 810 | 0 | _aFAO | |
| 830 | 0 | 0 |
_aFAO. Servicios agrícolas _v; 135 _939697 |
| 901 | _aBK | ||
| 905 | _aLilia Sánchez G. | ||
| 942 | _cLIBRO | ||
| 949 |
_a630 F3 v.135 _bBC _cFAO _d33724000730248 _eFAO1 _h96227 _i90175 _kDonaciØn _sb |
||
| 999 |
_c78798 _d78798 |
||